संख्या सिद्धांत (Record no. 26769)

MARC details
000 -LEADER
fixed length control field 00419nam a22001577a 4500
003 - CONTROL NUMBER IDENTIFIER
control field OSt
005 - DATE AND TIME OF LATEST TRANSACTION
control field 20240405171841.0
008 - FIXED-LENGTH DATA ELEMENTS--GENERAL INFORMATION
fixed length control field 240328b |||||||| |||| 00| 0 eng d
020 ## - INTERNATIONAL STANDARD BOOK NUMBER
ISBN 9789391101268
041 ## - LANGUAGE CODE
Language code of text/sound track or separate title Hindi
100 ## - MAIN ENTRY--AUTHOR NAME
Personal name कक्कड़ विपुल
245 ## - TITLE STATEMENT
Title संख्या सिद्धांत
260 ## - PUBLICATION, DISTRIBUTION, ETC. (IMPRINT)
Place of publication New Delhi
Name of publisher Educreation Publishing
Year of publication 2021
300 ## - PHYSICAL DESCRIPTION
Number of Pages 231 p.
942 ## - ADDED ENTRY ELEMENTS (KOHA)
Source of classification or shelving scheme Dewey Decimal Classification
Koha item type Books
Holdings
Withdrawn status Lost status Damaged status Not for loan Home library Current library Date acquired Total Checkouts Full call number Accession Number Koha item type
        Central University Of Rajasthan Central University Of Rajasthan 28/03/2024   512.7 K12S D532 Donated Books